000
00291nam a2200133Ia 4500
100
_a
Yakovlev G.N.
942
_c
RB
654
_a
Algebra
245
_a
Algebra & Fundamentals of Analysis
260
_b
Mir Publishers
_a
Russian
_c
1981
300
_a
567
546
_a
ENGLISH
999
_c
28247
_d
28247